Europejski Złoty But 19/20 - piłka nożna - Statystyki

Ogólne statystyki
  • Ten quiz został rozwiązany 630 razy
  • Średni wynik to 7 z 10
Statystyki odpowiedzi
Gole Narodowość Liga Piłkarz % Poprawnych
34 Polska GER Robert Lewandowski
99%
31 Portugalia ITA Cristiano Ronaldo
97%
29 Norwegia GER* Erling Haaland
96%
25 Argentyna ESP Lionel Messi
89%
36 Włochy ITA Ciro Immobile
87%
23 Belgia ITA Romelu Lukaku
80%
22 Gabon ENG Pierre-Emerick Aubameyang
68%
28 Niemcy GER Timo Werner
32%
23 Anglia ENG Jamie Vardy
27%
22 Anglia ENG Danny Ings
3%
Nie znaleziono quizów pasujących do podanych kryteriów
Rozkład punktacji
Procent ludzi z każdym wynikiem
Percentyl według liczby udzielonych odpowiedzi
Twoja historia wyników
Nie rozwiązałeś tego quizu